书目信息 |
| 题名: |
C语言程序设计实用教程
|
|
| 作者: | 周虹 , 富春岩 , 于莉莉 主编 | |
| 分册: | ||
| 出版信息: | 北京 人民邮电出版社 2021.03 |
|
| 页数: | 287页 | |
| 开本: | 26cm | |
| 丛书名: | ||
| 单 册: | ||
| 中图分类: | TP312.8 | |
| 科图分类: | ||
| 主题词: | C语言--C yu yan--程序设计--高等教育--教材 | |
| 电子资源: | ||
| ISBN: | 978-7-115-53904-5 | |
| 000 | 01251nam0 2200301 450 | |
| 001 | CAL 0120217117575 | |
| 005 | 20210303154912.9 | |
| 010 | @a978-7-115-53904-5@dCNY59.80 | |
| 100 | @a20210303d2021 em y0chiy0120 ea | |
| 101 | 0 | @achi |
| 102 | @aCN@b110000 | |
| 105 | @aak a 000yy | |
| 106 | @ar | |
| 200 | 1 | @aC语言程序设计实用教程@AC yu yan cheng xu she ji shi yong jiao cheng@f周虹, 富春岩, 于莉莉主编 |
| 205 | @a第2版 | |
| 210 | @a北京@c人民邮电出版社@d2021.03 | |
| 215 | @a287页@c图@d26cm | |
| 300 | @a工业和信息化普通高等教育“十三五”规划教材立项项目 | |
| 320 | @a有书目 (第287页) | |
| 330 | @a本书以C语言的基本语法、语句为基础, 深入浅出地讲述了C语言程序设计的基本概念、设计思想与方法。本书文字严谨、流畅, 例题丰富, 注重程序设计技能的训练。全书共10章, 主要内容包括程序设计基础及C语言概述、C语言的数据类型及运算、顺序结构程序设计、选择结构程序设计、循环结构程序设计、数组、函数、指针、结构体与共用体、文件。 | |
| 333 | @a21世纪高等教育计算机规划教材 | |
| 606 | 0 | @aC语言@AC yu yan@x程序设计@x高等教育@j教材 |
| 690 | @aTP312.8@v5 | |
| 701 | 0 | @a周虹@Azhou hong@4主编 |
| 701 | 0 | @a富春岩@Afu chun yan@4主编 |
| 701 | 0 | @a于莉莉@Ayu li li@4主编 |
| 801 | 0 | @aCN@b人天书店@c20210303 |
| 905 | @aTSG@b0000902@dTP312.8@eZ762@f2 | |
| C语言程序设计实用教程/周虹, 富春岩, 于莉莉主编.-第2版.-北京:人民邮电出版社,2021.03 |
| 287页:图;26cm |
| 工业和信息化普通高等教育“十三五”规划教材立项项目.-使用对象:21世纪高等教育计算机规划教材 |
| ISBN 978-7-115-53904-5:CNY59.80 |
| 本书以C语言的基本语法、语句为基础, 深入浅出地讲述了C语言程序设计的基本概念、设计思想与方法。本书文字严谨、流畅, 例题丰富, 注重程序设计技能的训练。全书共10章, 主要内容包括程序设计基础及C语言概述、C语言的数据类型及运算、顺序结构程序设计、选择结构程序设计、循环结构程序设计、数组、函数、指针、结构体与共用体、文件。 |
| ● |
| 相关链接 |
|
|
|
正题名:C语言程序设计实用教程
索取号:TP312.8/Z762
 
预约/预借
| 序号 | 登录号 | 条形码 | 馆藏地/架位号 | 状态 | 备注 |
| 1 | 1531196 | 215311963 | 自科库301/301自科库 56排6列4层/ [索取号:TP312.8/Z762] | 在馆 | |
| 2 | 1531197 | 215311972 | 自科库301/301自科库 56排6列4层/ [索取号:TP312.8/Z762] | 在馆 |